• 首页
  • 本馆介绍
  • 公告通知
  • 最新文献
  • 馆藏检索
  • 电子资源
  • 读者导购
  • 参考咨询
  • 我的图书馆
  • 登录
  • 详细信息显示
  • 放入我的书架
  • 预约/预借图书
  • 作者相关作品
  • 分类相关作品
  • 丛书相关作品
  • 出版社相关作品

书目信息

  • 表格格式
  • 工作单格式
  • 卡片格式
题名:
光通信技术导论
    
 
作者: 格劳 , Grau 著 ;陆善达 译
分册:  
出版信息: 北京   科学出版社  1987
页数: 418页
开本: 19cm
丛书名:
单 册:
中图分类: TN929.1
科图分类:
主题词: 光通信
电子资源:
ISBN:
000 00857nam0 2200289 45
001 0187006556
005 20040910085823.7
010    @dCNY3.15
091    @a15031.768
100    @a19900830d1987 em y0chiy0121 ea
101 1  @achi@cger
102    @aCN@b110000
105    @ay z 000yy
106    @ar
200 10 @a光通信技术导论@Aguang tong xin ji shu dao lun@f(德)G.格劳著@F(De)G.Ge Lao Zhu@g陆善达译
210    @a北京@c科学出版社@d1987
215    @a418页@d19cm
300    @a书名原文: Optische Nachrichtentechnik eine Enfuhrung.
510 1  @aOptische Nachrichtentechnik eine Enfuhrung@zger
606    @a光通信
690    @aTN929.1@v3 
701  1 @a格劳@Age lao@bG.@4著
701 A1 @aGrau@bG.@4著
702  0 @a陆善达@Alu shan da@4译
801  0 @aCN@b深圳图书馆@c20040517
801  2 @aCN@bNLC@c20040517
905    @dTN929.1@e14@f1@b169557
    
    光通信技术导论/(德)G.格劳著/陆善达译.-北京:科学出版社,1987
    418页;19cm
    书名原文: Optische Nachrichtentechnik eine Enfuhrung.
    
    ISBN :CNY3.15
    
●
相关链接 在E读中查询图书 在五车中查询图书 在当当中查询图书 在豆瓣中查询图书


正题名:光通信技术导论     索取号:TN929.1/14         预约/预借

序号 登录号 条形码 馆藏地/架位号 状态 备注
1 0169556   001324141   第三借阅区/ [索取号:TN929.1/14] 在馆    
2 0169557   001951953   第三借阅区/ [索取号:TN929.1/14] 在馆    
3 0169558   001324187   第二样本阅览室/ [索取号:TN929.1/14] 在馆    
唐山师范学院图书馆 欢迎您!
大连网信软件有限公司© 版权所有